Meilleurs pointeurs de l'histoire des Flames de Calgary - Statistiques

Statistiques générales
  • Ce quiz a été pris 12 fois
  • Le résultat moyen est 8 sur 50
Statistiques - réponses
Rang Joueur PTS % Correct
1 Jarome Iginla 1095
70%
13 Lanny McDonald 406
70%
11 Johnny Gaudreau 425
60%
2 Theoren Fleury 830
60%
3 Al MacInnis 822
50%
7 Mark Giordano 474
50%
14 Sean Monahan 399
50%
6 Gary Roberts 505
40%
10 Joel Otto 428
40%
4 Joe Nieuwendyk 616
30%
42 Mike Cammalleri 178
30%
5 Gary Sutter 564
20%
30 Guy Chouinard 235
20%
9 Hakan Loob 429
20%
12 Jim Peplinski 424
20%
37 Jiri Hudler 192
20%
16 Joe Mullen 388
20%
50 Marc Savard 154
20%
33 Matthew Tkachuk 212
20%
35 Valeri Bure 192
20%
38 Dan Quinn 191
10%
20 Doug Gilmor 295
10%
43 Doug Risebrough 169
10%
8 Kent Nilsson 469
10%
18 Mikael Backlund 342
10%
34 Paul Ranheim 194
10%
15 Paul Reinhart 398
10%
21 Sergei Makarov 292
10%
25 T.J. Brodie 261
10%
23 Alex Tanguay 284
0%
24 Carey Wilson 263
0%
40 Colin Patterson 187
0%
29 Cory Stillman 235
0%
19 Craig Conroy 308
0%
27 Curtis Glencross 242
0%
22 Daymond Langkow 288
0%
47 Derek Morris 163
0%
32 Dion Phaneuf 228
0%
36 Ed Beers 192
0%
31 German Titov 228
0%
26 Jamie Macoun 246
0%
41 Kristian Huselius 182
0%
44 Matthew Lombardi 167
0%
39 Matthew Stajan 190
0%
49 Mike Bullard 157
0%
45 Olli Jokinen 165
0%
28 Phil Housley 238
0%
46 Rene Bourque 164
0%
17 Robert Reichel 354
0%
48 Robyn Regehr 163
0%
Aucun quiz correspondant
Distribution des résultats
% des personnes avec chaque résultat
Percentile par nombre de réponses
Votre historique - résultats
Vous n’avez pas pris ce quiz